[Event "CRO-ch U13"]
[Site "Trogir"]
[Date "2023.06.25"]
[Round "8"]
[White "Djikic, Filip"]
[Black "Ratkajec, Mihael"]
[Result "1/2-1/2"]
[WhiteElo "1410"]
[BlackElo "1365"]
[PlyCount "75"]
[EventDate "2023.06.21"]
[EventType "swiss"]
[EventRounds "9"]
[EventCountry "CRO"]
[SourceTitle "EXT 2024"]
[Source "ChessBase"]
[SourceDate "2023.10.10"]
[SourceVersion "1"]
[SourceVersionDate "2023.10.10"]
[SourceQuality "1"]

1. e4 c5 2. Nf3 e6 3. d4 cxd4 4. Nxd4 a6 5. Nc3 Qc7 6. Be3 Bb4 7. Bd2 Nf6 8. Bd3 b5 9. 0-0 0-0 10. Ncxb5 axb5 11. Bxb4 Rd8 12. Nxb5 Qb6 13. c4 Na6 14. Ba3 d6 15. e5 dxe5 16. Be7 Rd7 17. Bxf6 gxf6 18. Qg4+ Kf8 19. Bxh7 Bb7 20. Rad1 Rxd1 21. Rxd1 Ke7 22. Be4 Bxe4 23. Qxe4 Rd8 24. Rxd8 Qxd8 25. Qb7+ Kf8 26. h3 Qd1+ 27. Kh2 Qd2 28. Qf3 f5 29. a3 e4 30. Qe3 Qxb2 31. Qg3 e5 32. f4 Qd2 33. fxe5 f4 34. Qh4 f3 35. Qh8+ Ke7 36. Qf6+ Kf8 37. Qh8+ Ke7 38. Qf6+ 1/2-1/2

[Event "CRO-ch U13"]
[Site "Trogir"]
[Date "2023.06.23"]
[Round "5"]
[White "Zufika Mardjetko, Gaspar"]
[Black "Ratkajec, Mihael"]
[Result "0-1"]
[WhiteElo "1540"]
[BlackElo "1365"]
[PlyCount "72"]
[EventDate "2023.06.21"]
[EventType "swiss"]
[EventRounds "9"]
[EventCountry "CRO"]
[SourceTitle "EXT 2024"]
[Source "ChessBase"]
[SourceDate "2023.10.10"]
[SourceVersion "1"]
[SourceVersionDate "2023.10.10"]
[SourceQuality "1"]

1. c4 e5 2. Nc3 Nc6 3. g3 g6 4. Bg2 Bg7 5. e3 d6 6. Nge2 f5 7. d4 e4 8. 0-0 Nf6 9. b3 0-0 10. Bb2 Re8 11. d5 Ne5 12. Nf4 Bd7 13. Rb1 a5 14. a4 b6 15. Qc2 g5 16. Nh3 h6 17. Qd1 Nd3 18. Kh1 Nxd5 19. Nxd5 Nxb2 20. Qe2 Nd3 21. f3 c6 22. fxe4 fxe4 23. Nf2 Nxf2+ 24. Qxf2 cxd5 25. Qf7+ Kh8 26. Qxd5 Rc8 27. Qd2 Bc6 28. Qf2 Rf8 29. Qc2 Qe7 30. b4 Rxf1+ 31. Bxf1 axb4 32. Rxb4 Qf6 33. Kg1 Rf8 34. Qd1 Qf2+ 35. Kh1 Qxf1+ 36. Qxf1 Rxf1+ 0-1